Welcome to CU Library Online Public Access Catalogue (OPAC)

Building a medical vocabulary / (Record no. 2664)

MARC details
000 -LEADER
fixed length control field 01213cam a2200337 a 4500
001 - CONTROL NUMBER
control field 4470284
003 - CONTROL NUMBER IDENTIFIER
control field OSt
005 - DATE AND TIME OF LATEST TRANSACTION
control field 20250118131633.0
008 - FIXED-LENGTH DATA ELEMENTS--GENERAL INFORMATION
fixed length control field 960321s1997 pauaf b 001 0 eng c
010 ## - LIBRARY OF CONGRESS CONTROL NUMBER
LC control number 96015373
020 ## - INTERNATIONAL STANDARD BOOK NUMBER
International Standard Book Number 9780721696423
040 ## - CATALOGING SOURCE
Original cataloging agency DNLM/DLC
Transcribing agency DLC
Modifying agency DLC
041 0# - LANGUAGE CODE
Language code of text/sound track or separate title engspa
050 00 - LIBRARY OF CONGRESS CALL NUMBER
Classification number R123
Item number .L46 1997
060 10 - NATIONAL LIBRARY OF MEDICINE CALL NUMBER
Classification number W 15 L581b 1997
082 00 - DEWEY DECIMAL CLASSIFICATION NUMBER
Classification number 610/.14
Edition information 20
100 1# - MAIN ENTRY--PERSONAL NAME
Personal name Leonard, Peggy C.
245 10 - TITLE STATEMENT
Title Building a medical vocabulary /
Statement of responsibility, etc. Peggy C. Leonard.
Remainder of title with Spanish translations
246 14 - VARYING FORM OF TITLE
Title proper/short title Building a medical vocabulary with Spanish translations
250 ## - EDITION STATEMENT
Edition statement 4th ed.
260 ## - PUBLICATION, DISTRIBUTION, ETC.
Place of publication, distribution, etc. Philadelphia :
Name of publisher, distributor, etc. W.B. Saunders Co.,
Date of publication, distribution, etc. c1997.
300 ## - PHYSICAL DESCRIPTION
Extent viii, 545 p., 16 p. of plates :
Other physical details ill. (some col.) ;
Dimensions 28 cm. +
Accompanying material 2 computer disks (3 1/2 in.)
504 ## - BIBLIOGRAPHY, ETC. NOTE
Bibliography, etc. note Includes bibliographical references (p. 503) and index.
650 #0 - SUBJECT ADDED ENTRY--TOPICAL TERM
Topical term or geographic name entry element Medicine
General subdivision Terminology.
650 #0 - SUBJECT ADDED ENTRY--TOPICAL TERM
Topical term or geographic name entry element Human anatomy
General subdivision Terminology.
650 #0 - SUBJECT ADDED ENTRY--TOPICAL TERM
Topical term or geographic name entry element English language
General subdivision Glossaries, vocabularies, etc.
650 12 - SUBJECT ADDED ENTRY--TOPICAL TERM
Topical term or geographic name entry element Nomenclature.
906 ## - LOCAL DATA ELEMENT F, LDF (RLIN)
a 7
b cbc
c orignew
d 1
e ocip
f 19
g y-gencatlg
942 ## - ADDED ENTRY ELEMENTS (KOHA)
Source of classification or shelving scheme Library of Congress Classification
Koha item type Books
Edition 4th ed.
Suppress in OPAC No
Holdings
Withdrawn status Lost status Source of classification or shelving scheme Damaged status Not for loan Collection Home library Current library Shelving location Date acquired Total checkouts Full call number Barcode Date last seen Copy number Price effective from Koha item type
    Library of Congress Classification     Non-fiction Science Library (Miotso) Science Library (Miotso) General stacks 01/18/2025   R123 .L46 LEO SLM00002002 01/18/2025 1 01/18/2025 Books
© 2023-2024 Copyright: Central University Libraries. All Rights Reserved | Created by: Mahone Tech Office